000 00668nam a2200241Ia 4500
003 OSt
005 20220927105654.0
006 a|||||r|||| 00| 0
007 ta
008 220926b |||||||| |||| 00| 0 eng d
024 _a197130
037 _cReference Collections
040 _aRTL
_cRTL
_beng
041 _2eng
_aeng
082 _a"V1.N4, J5"
100 _aDuncan hall H
_9374164
245 0 _aNoth american supply
260 _alondon
_bher majesty 's stationery office
_c1955
300 _axvi 559 p
_ccm.
490 _aSpringer Series in Statistics
942 _h"V1.N4, J5"
_cCC
999 _c693857
_d693857